| Tag |
First Indicator |
Second Indicator |
Subfields |
| LEADER |
00000cam a2200000 i 4500 |
| 001 |
in00004806621 |
| 008 |
860913s1986 dcuab bt f000 0 eng d |
| 005 |
20240807182616.5 |
| 035 |
|
|
|a (OCoLC)ocm14216126
|
| 040 |
|
|
|a CBT
|b eng
|e rda
|c CBT
|d GPO
|d OCLCQ
|d OCLCF
|d OCLCO
|d OCLCQ
|
| 019 |
|
|
|a 17395290
|a 1145182614
|a 1153224028
|a 1166492987
|a 1166508444
|a 1166513462
|a 1166521418
|a 1224883309
|a 1224886720
|a 1224894528
|a 1224895657
|a 1231475411
|a 1231483268
|a 1231484574
|a 1231494420
|a 1298260932
|a 1298270880
|a 1298271113
|a 1298273953
|
| 027 |
|
|
|a NTSB/MAR-86/08
|
| 035 |
|
|
|a (OCoLC)14216126
|z (OCoLC)17395290
|z (OCoLC)1145182614
|z (OCoLC)1153224028
|z (OCoLC)1166492987
|z (OCoLC)1166508444
|z (OCoLC)1166513462
|z (OCoLC)1166521418
|z (OCoLC)1224883309
|z (OCoLC)1224886720
|z (OCoLC)1224894528
|z (OCoLC)1224895657
|z (OCoLC)1231475411
|z (OCoLC)1231483268
|z (OCoLC)1231484574
|z (OCoLC)1231494420
|z (OCoLC)1298260932
|z (OCoLC)1298270880
|z (OCoLC)1298271113
|z (OCoLC)1298273953
|
| 037 |
|
|
|a PB 86-916408
|b NTIS
|
| 043 |
|
|
|a n-us-ma
|
| 050 |
|
4 |
|a VK377
|b .U53 no. 86-08
|
| 074 |
|
|
|a 982-I-21 (microfiche)
|
| 086 |
0 |
|
|a TD 1.116:86/08
|
| 049 |
|
|
|a MAIN
|
| 110 |
1 |
|
|a United States.
|b National Transportation Safety Board.
|0 http://id.loc.gov/authorities/names/n79151425
|
| 245 |
1 |
0 |
|a Marine accident report :
|b grounding of the U.S. passenger vessel Pilgrim Belle on Sow and Pigs Reef, Vineyard Sound, Massachusetts, July 28, 1985 /
|c National Transportation Safety Board.
|
| 246 |
3 |
|
|a Grounding of the U.S. passenger vessel Pilgrim Belle on Sow and Pigs Reef, Vineyard Sound, Massachusetts, July 28, 1985
|
| 264 |
|
1 |
|a Washington, D.C. :
|b The Board ;
|c 1986.
|
| 264 |
|
1 |
|a [Springfield, Va.] :
|b [National Technical Information Service],
|c 1986.
|
| 300 |
|
|
|a iv, 49 pages :
|b illustrations, 2 maps ;
|c 28 cm
|
| 336 |
|
|
|a text
|b txt
|2 rdacontent
|
| 337 |
|
|
|a unmediated
|b n
|2 rdamedia
|
| 338 |
|
|
|a volume
|b nc
|2 rdacarrier
|
| 500 |
|
|
|a Cover title.
|
| 500 |
|
|
|a Distributed to depository libraries in microfiche.
|
| 504 |
|
|
|a Includes bibliographical references.
|
| 536 |
|
|
|d 4221 A.
|
| 590 |
|
|
|b TAG Physical Holdings 2
|
| 650 |
|
0 |
|a Shipwrecks
|z Massachusetts
|z Vineyard Sound.
|
| 650 |
|
0 |
|a Stranding of ships
|z Massachusetts
|z Vineyard Sound.
|
| 650 |
|
7 |
|a Shipwrecks.
|2 fast
|0 (OCoLC)fst01116638
|
| 650 |
|
7 |
|a Stranding of ships.
|2 fast
|0 (OCoLC)fst01134309
|
| 651 |
|
7 |
|a Atlantic Ocean
|z Vineyard Sound.
|2 fast
|0 (OCoLC)fst01258119
|
| 994 |
|
|
|a 92
|b TAG
|
| 852 |
|
|
|a TAG
|b TAGC
|c galv,stk
|h VK378 .P54 1986
|t c.1
|
| 876 |
|
|
|p 33620000016549
|v unmediated -- volume
|
| 999 |
f |
f |
|s 1fe61655-558b-49af-967c-45dedf8e047b
|i 2d288510-e6c4-447d-a957-07f352d7f924
|t 0
|
| 952 |
f |
f |
|p normal
|a Texas A&M University
|b Galveston Campus
|c Jack K. Williams Library
|d Galveston Stacks
|t 0
|e VK378 .P54 1986
|h Library of Congress classification
|i unmediated -- volume
|m 33620000016549
|
| 998 |
f |
f |
|a VK378 .P54 1986
|t 0
|l Galveston Stacks
|